000 00844cam a22001935a 4500
001 L153044
008 110526s2011 xxk f 000 0 eng d
035 _a(Sirsi) u153044
041 0 _aeng
110 2 _aOECD
245 0 0 _aTools for delivering on green growth
_h[electronic resource]
260 _a[S.l.]
_bOECD
_c2011
520 _aOutlines some of the options available to policy makers for developing green growth strategies. Includes information on the key constraints to green growth and the possible solution to this such as taxes, tariffs and public-private partnerships.
590 _aKA
651 4 _aInternational
690 _aENVIRONMENTAL AND LAND CONSULTANCY-SUSTAINABILITY-SUSTAINABLE DEVELOPMENT
856 4 0 _uhttps://www.oecd.org/dataoecd/32/48/48012326.pdf
_zView the item free of charge at www.oecd.org
942 _n0
999 _c112345
_d112345